000 00631nam a2200193 i 4500
001 56977
003 ES-MaACL
005 20230906163505.0
007 t|
008 031014s1968 sp ||||1| spa d
100 1 _aDíez, Plácido.
_944668
245 1 0 _aRevolución marxista y progreso cristiano /
_cPlácido Díez y Ricardo Herrero Velarde ; prólogo de José M. González Ruiz.
250 _a[1ª ed.].
260 _aBarcelona :
_bNova Terra,
_c[1968]
300 _a362 p. ;
_c21 cm.
700 1 _aHerrero Velarde, Ricardo.
_963346
700 1 _aGonzález Ruiz, José María.
_958943
852 _aES-MaACL
_jC-36983
_bR.66168
999 _c56977
_d56977